书目信息 |
| 题名: |
嘉莉妹妹
|
|
| 作者: | 德莱塞 著 ;许汝祉 译 | |
| 分册: | ||
| 出版信息: | 北京 中国戏剧出版社 2002.11 |
|
| 页数: | 14,466页 | |
| 开本: | 20cm | |
| 丛书名: | ||
| 单 册: | ||
| 中图分类: | I712.44 | |
| 科图分类: | ||
| 主题词: | 长篇小说--美国--近代 | |
| 电子资源: | ||
| ISBN: | 7-104-01760-7 | |
| 000 | 01061nam 2200301 450 | |
| 001 | 002491834 | |
| 005 | 20031124140211.0 | |
| 010 | @a7-104-01760-7@b精装@dCNY106.70 | |
| 100 | @a20081203d2002 ekmy0chiy0120 ea | |
| 101 | 1 | @achi@ceng |
| 102 | @aCN@b110000 | |
| 105 | @ay z 000ay | |
| 106 | @ar | |
| 200 | 1 | @a嘉莉妹妹@AJia Li Mei Mei@f(美)德莱塞著@F( Mei ) De Lai Sai Zhu@g许汝祉译 |
| 210 | @a北京@c中国戏剧出版社@d2002.11 | |
| 215 | @a14,466页@d20cm | |
| 300 | @a世界文学名著经典译林 | |
| 308 | @a丛书第三辑 | |
| 330 | @a本书讲述了一个18岁的乡下少女带着一个箱子来到芝加哥,只身闯世界的故事,在各种欺骗、诱惑、蔑视与玩弄之中,她学会了保护自己,抓住机遇,通过自身条件与机遇,终于在美国这个商业社会取得成功。 | |
| 500 | 00 | @a嘉莉妹妹 |
| 510 | 1 | @aSister Carrie@zeng |
| 606 | 0 | @a长篇小说@y美国@z近代 |
| 690 | @aI712.44@v4 | |
| 701 | 0 | @c(美)@a德莱塞@ADe Lai Sai@c(Dreiser, Therdore@f1871~1945)@4著 |
| 702 | 0 | @a许汝祉@AXu Ru Zhi@f(1914.5~)@4译 |
| 801 | 0 | @aCN@bHTDF@c20081203 |
| 905 | @aBZT@dI712.44@e13@f5 | |
| 906 | @dCNY106.70@n0@r1 | |
| 嘉莉妹妹/(美)德莱塞著/许汝祉译.-北京:中国戏剧出版社,2002.11 |
| 14,466页;20cm |
| 世界文学名著经典译林 |
| ISBN 7-104-01760-7(精装):CNY106.70 |
| 本书讲述了一个18岁的乡下少女带着一个箱子来到芝加哥,只身闯世界的故事,在各种欺骗、诱惑、蔑视与玩弄之中,她学会了保护自己,抓住机遇,通过自身条件与机遇,终于在美国这个商业社会取得成功。 |
| ● |
| 相关链接 |
|
|
|
正题名:嘉莉妹妹
索取号:I712.44/13
 
预约/预借
| 序号 | 登录号 | 条形码 | 馆藏地/架位号 | 状态 | 备注 |
| 1 | 708157 | 2000708157 | 中心书库中库/打包BH1658/ [索取号:I712.44/13] | 在馆 | |
| 2 | 708158 | 2000708158 | 中心书库中库/打包BH1658/ [索取号:I712.44/13] | 在馆 | |
| 3 | 708160 | 2000708160 | 中心书库中库/打包BH1658/ [索取号:I712.44/13] | 在馆 | |
| 4 | 708161 | 2000708161 | 中心书库中库/打包BH1658/ [索取号:I712.44/13] | 在馆 |